000 00858cam a22002294a 4500
005 20250825183631.0
008 080925s2009 enkab 001 0 eng
020 _a9781405135436
_qhardcover : alk. paper
040 _aKABLIB
_cKABLIB
_erda
082 0 0 _a616.9
_222
_bSHE
100 1 _aShetty, N.
_q(Nandini)
_914644
245 1 0 _aInfectious disease :
_bpathogenesis, prevention, and case studies /
_cN. Shetty, J.W. Tang, J. Andrews.
260 _aChichester, UK ;
_aHoboken, NJ :
_bWiley-Blackwell,
_cc2009.
300 _axiii, 674 p. :
_bcol. ill., maps ;
_c29 cm.
500 _aIncludes index.
650 0 _aCommunicable diseases.
650 1 2 _aCommunicable Diseases
_xetiology.
_914645
650 2 2 _aCommunicable Disease Control
_xmethods.
_914646
700 1 _aTang, J. W.
_q(Julian W.)
_914647
700 1 _aAndrews, J.
_q(Julie)
_914648
942 _2ddc
_cBOOK
999 _c5796
_d5796